Warfare in the ancient Near East to c. 1600 BC

Αποθηκεύτηκε σε:
Λεπτομέρειες βιβλιογραφικής εγγραφής
Κύριος συγγραφέας: Hamblin, William James
Μορφή: Βιβλίο
Γλώσσα:English
Δημοσίευση: New York : Routledge, [c2006]
Σειρά:Warfare and history
Θέματα:
Ετικέτες: Προσθήκη ετικέτας
Δεν υπάρχουν, Καταχωρήστε ετικέτα πρώτοι!

MARC

LEADER 00000nam a2200000 i 4500
001 1/47151
008 070629s2006 eng d
020 |a 978-0-415-25588 (hbk.) 
020 |a 0-415-25588-0 (hbk.) 
035 |l 10088565 
040 |a GR-MY-UA  |b gre  |e aacr 
041 0 |a eng 
082 0 |a 355.00939  |2 (22) 
100 1 |a Hamblin, William James. 
245 1 0 |a Warfare in the ancient Near East to c. 1600 BC /  |c William J. Hamblin 
260 |a New York :   |b Routledge,   |c [c2006] 
300 |a 517 σ.;  |c 25 εκ. 
490 1 |a Warfare and history 
504 |a Περιλαμβάνει βιβλιογραφίες 
650 0 0 |a Military art and science  |z Middle East  |x History. 
651 0 |a Middle East  |x History, Military  |y To 1500. 
830 0 |a Warfare and history 
852 |a INST  |b RHODES  |e 20070629  |h 355.00939 HAM  |p 005400026375  |q 005400026375  |t BK  |y 0 
901 |a BIBL4-2007-2 
909 |a Ρ  |b 135353 
922 |a 4ΕΛΗ  |b 200706  |c ΕΠΕΑΕΚ2/ΤΜΣ  |d Σ. ΠΑΤΑΚΗΣ 
970 |a ΜΙΣΣΟΣ  |b ΣΤΑΥΡΟΣ  |z 2007/06/29